01020nam a2200241Ia 450000100060000000300090000600800410001504000130005604000130006904100130008210000180009510000290011324500740014224500680021625000110028426000110029526000080030626000490031430000570036350003040042065000230072465000310074784186IT-RoPAU130308s9999 xx 000 0 und d aIT-RoPAU cIT-RoPAU aITALIANO aBosio Roberto gCodice Aut. SPICS: 29194 aTeatro d'opera (Il): il museo più costoso o un'impresa da rivedere? bEconomia Dietro Il Sipario (L')-Teatro Opera Cinema Televisione a1a ed. aTORINO bEDT c1989 [1° Ed.:1989 - Ed.Ling.Originale:1989] a"44 p. (prefazione: no ; testo: 44 [pagine: 39-82])" aPassato All'Insegna dell'Anti Economicità Analisi di Alcune variabili Economiche prodotto domanda concorrenza prezzo Comunicazione Possibilità di Sfruttamento del prodotto incontro con Cinema e Televisione finanziamento Sovvenzioni e Sponsorizzazioni Verso una gestione manageriale Tabelle Varie aINDUSTRIA TEATRALE eCodice materia Spics: 8406